000 00697nam a22002057a 4500
999 _c61306
_d61306
005 20240201160538.0
008 240201s2019 gw ||||| |||| 00| 0 ger d
020 _a9783823382201 X
041 _ager
080 _a81+811.112.1T-42
245 _aTextlinguistik:
_b15 Einführungen und eine Diskussion : (narr studienbücher) /
_cNina Janich, Hrsg
250 _a2 Auflage
264 _aTubingen:
_bNarr,
_c2019.
300 _a410 p;
_b23 cm.
653 _aTextlinguistik
653 _aტექსტის ლინგვისტიკა
653 _aგერმანული ენა
700 _aJanich, Nina
_eრედაქტორი
_921174
942 _2udc
_cᲬᲘᲒᲜᲘ